000 00460nam a2200157 i 4500
001 101813
003 ES-MaACL
005 20230906183002.0
007 t|
008 051026s1970 sp ||||1| spa d
100 1 _aMelendro, Federico.
_979936
245 1 0 _aCatecismo segĂșn el Concilio Vaticano II /
_cpor Federico Melendro, Arzobispo de Anking.
260 _aMadrid :
_bCio,
_c1970.
300 _a181 p. ;
_c17 cm.
852 _aES-MaACL
_jC-42094
_bR.78905
999 _c101813
_d101813